Guide to manpower planning (Record no. 31801)

MARC details
000 -LEADER
fixed length control field 00275nam a2200109Ia 4500
082 ## - DEWEY DECIMAL CLASSIFICATION NUMBER
Classification number 331.5.024.54
Item number BOW
100 ## - MAIN ENTRY--AUTHOR NAME
Personal name Bowley, Angela
245 #0 - TITLE STATEMENT
Title Guide to manpower planning
260 ## - PUBLICATION, DISTRIBUTION, ETC. (IMPRINT)
Place of publication London
Name of publisher Macmillan
Year of publication 1974
942 ## - ADDED ENTRY ELEMENTS (KOHA)
Koha item type Books
Holdings
Withdrawn status Lost status Damaged status Not for loan Home library Current library Date acquired Cost, normal purchase price Full call number Accession Number Koha item type
        RRII Library RRII Library 16/12/2021 3.95 331.5.024.54 BOW 12341 Books